MDQL
is popping MORE tags! Check the
thread
!
Quizzes
Events
Quiz Creation
Community
Videos
Private Events
Remove Ads
Sign In
Join for FREE
Feedback
Dark Mode
Quiz Categories
Sports
Geography
Music
Movies
Television
Just For Fun
Miscellaneous
History
Literature
Language
Science
Gaming
Entertainment
Religion
Holiday
For Kids
Quiz Lab
Recent
Popular Today
Quiz Kudos Today
Editor Picks
Curator Picks
Quizzes by...
Day
Popularity
Type
Ratings
Length
Year
Community
Subscriptions
Recent Discussions
Orange Saloon
Badges
Playlists
Quests
Create
Leaderboards
Showdown
Live 5
Trivia Bingo
Activity
Puzzle Library
Sporcle Events
Private Events
Virtual Trivia
Globe League
Become a Host
Pub Owners
SporcleCon
Opinionation
Our Games
Videos
Blog
Mobile Apps
Partnerships
Remove Ads and Go Orange
Feedback
Geography
Country
Landmarks
City
State
Population
World
Capital
Continent
Flags
Europe
Africa
Asia
South America
North America
Oceania
Border
Canada
United Kingdom
Topography
United States
Geography
Country
Landmarks
City
State
Population
World
Capital
Continent
Flags
Europe
Africa
Asia
South America
North America
Oceania
Border
Canada
United Kingdom
Topography
United States
Random Quiz
Search Sporcle
×
Quiz Lab
Quiz Lab
Geography
Flags
Type answers that appear on an image
Type answers that appear on an image
Map
Best Score? Go Orange.
National Flags in 1868 (map quiz) Stats
Can you name the National Flags in 1868, as they appear on Johnson's New Chart of National Emblems?
By
darkgreen_orange
10m
48 Questions
653 Plays
653 Plays
653 Plays
Comments
Comments
Give Quiz Kudos
Give Quiz Kudos
-
- Ratings
hide this ad
Forced Order
Answers have to be entered in order
Answers have to be entered in order
Replay
Link that replays current quiz
Next Quiz
Link to next quiz in quiz playlist
You Got
0%
They Got
Avg Score
62%
Avg Friend Score
Upgrade to see
Score Distribution
Jump to the score distribution portion of the page
Score
0/48
Timer
10:00
0
Plays Today
% Correct
UNITED STATES.
83.6%
Japan.
81.6%
Switzerland.
80.9%
Spanish Standard.
80.2%
Chili.
79.9%
Mexico.
79.2%
Papal Merchant.
79.2%
Uruguay.
78.4%
The Netherlands.
77.9%
Swedish Merchant.
77.8%
Brazil.
77%
Cuban. (so called)
76.7%
Kingdom of Italy.
76.4%
Venezuela Man of War.
75.3%
Liberia.
75.3%
Norwegian Merchant.
74.9%
FRENCH STANDARD.
74.9%
Peru.
74.7%
U. S. of Colombia.
74%
Turkey. (Man of War.)
73.2%
Danish Royal Standard.
72.6%
Ecuador.
72.4%
San Domingo Man of War.
72.3%
Argentine Republic. Man of War.
70.4%
% Correct
Belgium.
70.4%
Hayti.
69.5%
Austro-Hungarian.
69.2%
Paraguay. Merchant
68.8%
ROYAL STANDARD of the UNITED KINGDOM.
68%
Ireland.
67.5%
North German Union Merchant.
67.1%
Costa Rica Man of War.
65.1%
Kingdom of Siam.
62.5%
Portuguese Standard.
58%
Honduras.
57.9%
RUSSIAN STANDARD.
56.8%
Greece.
53%
Prussian Standard.
42.4%
Persia.
38.1%
Bolivia.
35.1%
Guatemalan Man of War.
31.5%
Tripoli.
30.5%
Nicaragua.
30.2%
Egypt.
29.7%
San Salvador.
29.2%
Morocco.
18.5%
New Zealand.
18.1%
Arabia.
13.2%
Quiz Playlist
Details
Report
Send in Message
Add To Playlist
Map:
Type answers that appear on an image
Forced Order:
Answers have to be entered in order
Quiz Source
Last Updated: Oct 24, 2017
Quiz Scoreboard
CHALLENGE
Sign Up to Join the Scoreboard
Show All
Scores
Hide
Comments
May contain spoilers
Recently Published
Image Sorting: Flags VI
by Barbecue
Geography
2m
Find the 'City' Movie
by crazypaving
Movies
60s
Colored Red Africa Blitz
by spor1
Geography
45s
More to Explore
Quiz From the Vault
Featured Blog Post
14 Easter Pick-up Lines to Find Eggs With
hide this ad
You Might Also Like...
Tags
Flags Quiz
1860
19th Century
Banner
emblem
Historical Regions
national
old
standard
Today's Top Quizzes in Geography
Browse Geography
hide this ad
Today's Top Quizzes in Flags
Browse Flags
Top Contributed Quizzes in Geography
1
Colored Red Europe Blitz I
2
Countries of the World - No Outlines Minefield
3
Colored Red Africa Blitz II
4
Colored Red Europe Blitz II
5
Colored Red Europe Blitz III
6
Colored Red Africa Blitz III
7
Colored Red States Blitz I
8
A Different View: World Oceans
9
Colored Red States Blitz II
10
Colored Red States Blitz III
Explore More
Trending Topics
Crossword
NBA
Disney
Kpop
Marvel
Anime
Harry Potter
Soccer
WWE
Puzzle
NFL
The Office
Pokémon
Country
Song
hide this ad
More By:
darkgreen_orange
Quiz
Plays
Rating
Category
Featured
Created
Parts of a Golf Course
102,570
4.44
Sports
Feb 26, 2015
Which Is Larger?
82,247
4.45
Geography
Nov 13, 2013
Russian Alphabet (Picture Click)
51,656
4.90
Language
Jan 22, 2018
People's Republics
12,349
4.66
Geography
Jan 20, 2012
Puerto Rico Municipalities (counties) (map quiz)
7,359
5.00
Geography
Dec 20, 2014
Go to Creator's Profile
Score Distribution
Quiz Creator Spotlight
darkgreen_orange
Follow
Send a Message
Quizzes Created
-
Created Quiz Play Count
-
More By This Creator
Popular Quizzes Today
1
Colored Red Africa Blitz
2
Find the US States - No Outlines Minefield
3
Find the 'City' Movie
4
5x2 Blitz: Bands
5
The Countries of the World
6
Find the US States
7
Find the Countries of Europe - No Outlines Minefield
8
US States
More Geography Quizzes
Two Degrees of Separation - El Salvador
Published
Trending Quizzes
Colored Red Europe Blitz I
Colored Red Europe Blitz II
Colored Red Africa Blitz II
Colored Red Europe Blitz III
Colored Red Africa Blitz III
Recently Updated
How Do You Spell That?
pecheneg
Godzilla Movies
pecheneg
Grab Bag: 4-10 Letters
pecheneg
2024 March Madness Bracket
pecheneg
Famous TV Couples
Peacemaker
Champions League XIs: Real Madrid
pecheneg
Largest US Cities 1790-2010
pecheneg
Rides in Walt Disney World
pecheneg
Most Oscar Losses (Acting)
pecheneg
Beyoncé Albums
pecheneg
Trending Topics
Kpop
Disney
Harry Potter
Anime
Marvel
Crossword
NBA
The Office
NFL
WWE
Song
Country
Puzzle
Soccer
Pokémon
Your Account Isn't Verified!
In order to create a playlist on Sporcle, you need to verify the email address you used during registration. Go to your
Sporcle Settings
to finish the process.
Report this User
Report this user for behavior that violates our
Community Guidelines
.
Details:
Send Report
Go to the Sporcle.com Mobile Site →
Comments